Shuʻarāʼ al-Naṣrānīyah / (Record no. 50610)
[ view plain ]
| 000 -LEADER | |
|---|---|
| fixed length control field | 00771cam a22002411a 4500 |
| 001 - CONTROL NUMBER | |
| control field | ne 68002782 |
| 003 - CONTROL NUMBER IDENTIFIER | |
| control field | DLC |
| 005 - DATE AND TIME OF LATEST TRANSACTION | |
| control field | 20260227111844.0 |
| 008 - FIXED-LENGTH DATA ELEMENTS--GENERAL INFORMATION | |
| fixed length control field | 770801r19671890le 000 0 arax |
| 010 ## - LIBRARY OF CONGRESS CONTROL NUMBER | |
| LC control number | ne 68002782 |
| 035 ## - SYSTEM CONTROL NUMBER | |
| System control number | (OCoLC)3152310 |
| 040 ## - CATALOGING SOURCE | |
| Original cataloging agency | DLC |
| Transcribing agency | NcRS |
| Modifying agency | NcRS |
| -- | OU |
| -- | DLC |
| 042 ## - AUTHENTICATION CODE | |
| Authentication code | premarc |
| 050 00 - LIBRARY OF CONGRESS CALL NUMBER | |
| Classification number | PJ7632.C5 |
| Item number | C5 1967 |
| 100 1# - MAIN ENTRY--PERSONAL NAME | |
| Personal name | Cheiko, Louis, |
| Dates associated with a name | 1859-1927. |
| 245 10 - TITLE STATEMENT | |
| Title | Shuʻarāʼ al-Naṣrānīyah / |
| Statement of responsibility, etc. | jamaʻahu wa-nassaqahu Luwīs Shīkhū. |
| 250 ## - EDITION STATEMENT | |
| Edition statement | Ṭabʻah 2. |
| 260 ## - PUBLICATION, DISTRIBUTION, ETC. | |
| Place of publication, distribution, etc. | Bayrūt : |
| Name of publisher, distributor, etc. | Dār al-Mashriq, |
| Date of publication, distribution, etc. | [1967] |
| 300 ## - PHYSICAL DESCRIPTION | |
| Extent | 2 v. ; |
| Dimensions | 25 cm. |
| 500 ## - GENERAL NOTE | |
| General note | Photoreproduction of the ed. published in Beirut, 1890-91. |
| 505 0# - FORMATTED CONTENTS NOTE | |
| Formatted contents note | v. 1. Qabla al-Islām.--v. 2. Baʻda al-Islām. |
| 650 #0 - SUBJECT ADDED ENTRY--TOPICAL TERM | |
| Topical term or geographic name entry element | Arabic poetry |
| General subdivision | Christian authors. |
No items available.